[Event "Bundesliga 0001"]
[Site "Deutschland"]
[Date "2001.04.29"]
[Round "15.7"]
[White "Pezerovic, Edin"]
[Black "Nijboer, Friso"]
[Result "0-1"]
[WhiteElo "2426"]
[BlackElo "2537"]
[PlyCount "102"]
[EventDate "2000.10.14"]
[EventType "team"]
[EventRounds "15"]
[EventCountry "GER"]
[SourceTitle "Bundesliga 0001"]
[Source "DeepChess"]
[SourceDate "2005.01.01"]
[SourceVersion "1"]
[SourceVersionDate "2005.01.01"]
[SourceQuality "1"]
[WhiteTeam "TV Tegernsee"]
[BlackTeam "SG Porz e.V."]
[WhiteTeamCountry "GER"]
[BlackTeamCountry "GER"]

1. Nf3 Nf6 2. d4 g6 3. g3 Bg7 4. Bg2 O-O 5. O-O d6 6. b3 a6 7. c4 b5 8. Nfd2
Ra7 9. Bb2 Nfd7 10. Qc2 c6 11. e4 e5 12. Nf3 bxc4 13. bxc4 Rb7 14. Bc3 c5 15.
d5 f5 16. Nbd2 Nf6 17. Ne1 fxe4 18. Nxe4 Nxe4 19. Bxe4 Nd7 20. Ng2 Nf6 21. f3
Bh3 22. Bd2 Qb8 23. Bc3 Nxe4 24. fxe4 Bh6 25. Qe2 Rxf1+ 26. Rxf1 Rb1 27. Qd3
Rxf1+ 28. Kxf1 Qe8 29. Bb2 Qb5 30. a3 Qa5 31. Kf2 Qb5 32. Qc3 Qb8 33. Ne1 Bg5
34. Nf3 Qf8 35. Ba1 Bf4 36. Bb2 Bc1 37. Ba1 Bg5 38. Bb2 Bh4 39. Bc1 Bd8 40. Ke2
h6 41. Qe3 Bg4 42. Qf2 Ba5 43. Qf1 g5 44. h3 Bd7 45. h4 gxh4 46. gxh4 Bd8 47.
Qg2+ Kh7 48. Be3 Qf7 49. Qg3 Qh5 50. Bf2 a5 51. Ke3 a4 0-1

[Event "Bundesliga 0001"]
[Site "Deutschland"]
[Date "2001.??.??"]
[Round "15.1"]
[White "Rabiega, Robert"]
[Black "Seul, Georg"]
[Result "1-0"]
[WhiteElo "2487"]
[BlackElo "2447"]
[PlyCount "75"]
[EventDate "2000.10.14"]
[EventType "team"]
[EventRounds "15"]
[EventCountry "GER"]
[SourceTitle "Bundesliga 0001"]
[Source "DeepChess"]
[SourceDate "2005.01.01"]
[SourceVersion "1"]
[SourceVersionDate "2005.01.01"]
[SourceQuality "1"]
[WhiteTeam "SK Koenig Tegel 1949 e.V. "]
[BlackTeam "SV Castrop Rauxel 1923"]
[WhiteTeamCountry "GER"]
[BlackTeamCountry "GER"]

1. e4 d6 2. d4 g6 3. Nc3 Bg7 4. Be3 c6 5. Qd2 b5 6. Bd3 Nd7 7. Nf3 Qc7 8. O-O
Ngf6 9. Bh6 O-O 10. h3 Bb7 11. Rfe1 e5 12. dxe5 dxe5 13. Ne2 c5 14. Bxg7 Kxg7
15. Bxb5 Bxe4 16. Qc3 Nd5 17. Qa3 Nb4 18. Bxd7 Qxd7 19. Nxe5 Qd2 20. Nc4 Qxc2
21. Rac1 Qd3 22. Rc3 Qd8 23. Ng3 Bd5 24. Ne3 Be6 25. Rxc5 a5 26. Qc3+ f6 27. a3
Na2 28. Qc2 Rc8 29. Rxc8 Qxc8 30. Qd2 Qd8 31. Qc2 Qc8 32. Qa4 Qc7 33. Ng4 Bg8
34. Ne4 h5 35. Ngxf6 Rxf6 36. Nxf6 Kxf6 37. Qd4+ Kf5 38. f4 1-0

[Event "Bundesliga 0001"]
[Site "Deutschland"]
[Date "2001.??.??"]
[Round "15.2"]
[White "Watson, William N"]
[Black "Muse, Mladen"]
[Result "0-1"]
[WhiteElo "2527"]
[BlackElo "2510"]
[PlyCount "54"]
[EventDate "2000.10.14"]
[EventType "team"]
[EventRounds "15"]
[EventCountry "GER"]
[SourceTitle "Bundesliga 0001"]
[Source "DeepChess"]
[SourceDate "2005.01.01"]
[SourceVersion "1"]
[SourceVersionDate "2005.01.01"]
[SourceQuality "1"]
[WhiteTeam "SV Castrop Rauxel 1923"]
[BlackTeam "SK Koenig Tegel 1949 e.V. "]
[WhiteTeamCountry "GER"]
[BlackTeamCountry "GER"]

1. e4 c5 2. Nf3 Nc6 3. Bb5 g6 4. c3 Nf6 5. Qe2 a6 6. Ba4 Bg7 7. d4 cxd4 8. cxd4
b5 9. Bc2 Nb4 10. Bb3 d5 11. e5 Ne4 12. a4 O-O 13. axb5 Rb8 14. O-O Rxb5 15.
Be3 Rb8 16. Nc3 a5 17. Rfe1 Ba6 18. Qd1 Nd3 19. Nxd5 a4 20. Bc2 Nxb2 21. Qb1 e6
22. Nf4 Nd3 23. Qxb8 Qxb8 24. Nxd3 Bxd3 25. Bxd3 Nc3 26. Bd2 Nd5 27. Rxa4 Qb3
0-1

[Event "Bundesliga 0001"]
[Site "Deutschland"]
[Date "2001.??.??"]
[Round "15.4"]
[White "Bosch, Jeroen"]
[Black "Lipinsky, Fabian"]
[Result "1-0"]
[WhiteElo "2405"]
[BlackElo "2362"]
[PlyCount "61"]
[EventDate "2000.10.14"]
[EventType "team"]
[EventRounds "15"]
[EventCountry "GER"]
[SourceTitle "Bundesliga 0001"]
[Source "DeepChess"]
[SourceDate "2005.01.01"]
[SourceVersion "1"]
[SourceVersionDate "2005.01.01"]
[SourceQuality "1"]
[WhiteTeam "SV Castrop Rauxel 1923"]
[BlackTeam "SK Koenig Tegel 1949 e.V. "]
[WhiteTeamCountry "GER"]
[BlackTeamCountry "GER"]

1. e4 e5 2. Nf3 Nf6 3. Nc3 Nc6 4. a3 d5 5. Bb5 d4 6. Ne2 Bd6 7. d3 Bg4 8. Ng3
Nh5 9. h3 Nxg3 10. fxg3 Bh5 11. O-O O-O 12. g4 Bg6 13. Qe1 Ne7 14. Bc4 Qd7 15.
Qg3 b5 16. Ba2 c5 17. Nxe5 Bxe5 18. Qxe5 Kh8 19. Qxc5 Rac8 20. Qg5 Rxc2 21. Bb3
Rcc8 22. Bd2 f6 23. Qh4 Bf7 24. Bxf7 Rxf7 25. Rac1 Ng6 26. Qg3 Rff8 27. Rxc8
Rxc8 28. g5 Rc6 29. gxf6 gxf6 30. Rf5 Rc2 31. Bh6 1-0

[Event "Bundesliga 0001"]
[Site "Deutschland"]
[Date "2001.??.??"]
[Round "15.4"]
[White "Paulsen, Dirk"]
[Black "Appel, Ralf"]
[Result "0-1"]
[WhiteElo "2431"]
[BlackElo "2481"]
[PlyCount "26"]
[EventDate "2000.10.14"]
[EventType "team"]
[EventRounds "15"]
[EventCountry "GER"]
[SourceTitle "Bundesliga 0001"]
[Source "DeepChess"]
[SourceDate "2005.01.01"]
[SourceVersion "1"]
[SourceVersionDate "2005.01.01"]
[SourceQuality "1"]
[WhiteTeam "SK Koenig Tegel 1949 e.V. "]
[BlackTeam "SV Castrop Rauxel 1923"]
[WhiteTeamCountry "GER"]
[BlackTeamCountry "GER"]

1. d4 g6 2. e4 Bg7 3. Nc3 c6 4. Nf3 d5 5. exd5 cxd5 6. Bb5+ Bd7 7. Qe2 Nf6 8.
Bg5 a6 9. Bd3 Nc6 10. O-O Bg4 11. Be3 O-O 12. h3 Bxf3 13. Qxf3 e5 0-1

[Event "Bundesliga 0001"]
[Site "Deutschland"]
[Date "2001.??.??"]
[Round "15.5"]
[White "Von Herman, Ulf"]
[Black "Dinstuhl, Volkmar"]
[Result "0-1"]
[WhiteElo "2357"]
[BlackElo "2412"]
[PlyCount "110"]
[EventDate "2000.10.14"]
[EventType "team"]
[EventRounds "15"]
[EventCountry "GER"]
[SourceTitle "Bundesliga 0001"]
[Source "DeepChess"]
[SourceDate "2005.01.01"]
[SourceVersion "1"]
[SourceVersionDate "2005.01.01"]
[SourceQuality "1"]
[WhiteTeam "SK Koenig Tegel 1949 e.V. "]
[BlackTeam "SV Castrop Rauxel 1923"]
[WhiteTeamCountry "GER"]
[BlackTeamCountry "GER"]

1. d4 Nf6 2. c4 e6 3. Nc3 Bb4 4. Qc2 O-O 5. Nf3 c5 6. dxc5 Na6 7. g3 Nxc5 8.
Bg2 b6 9. O-O Bb7 10. Bf4 Bxc3 11. Qxc3 d5 12. Rad1 Qe7 13. Bg5 Nce4 14. Bxf6
Nxf6 15. Ne5 Rac8 16. Rd4 b5 17. b3 bxc4 18. bxc4 Ba6 19. Rc1 dxc4 20. Nc6 Qc5
21. Nb4 Bb5 22. a4 e5 23. Rh4 g5 24. Qd2 e4 25. Rh6 Ng4 26. Rh5 e3 27. fxe3
Bxa4 28. Nd5 f6 29. h3 Ne5 30. Qc3 Qd6 31. Rf1 Kg7 32. Rf5 h6 33. h4 Rce8 34.
hxg5 fxg5 35. e4 Bd7 36. g4 Bxf5 37. exf5 Rf6 38. Qd4 Re7 39. Rh3 Nd7 40. Rc3
Rxe2 41. Rxc4 Re5 42. Ra4 Rf7 43. Ra5 Nf6 44. Qc3 Rc7 45. Qa1 Rxd5 46. Rxd5 Qf4
47. Rd1 Qxg4 48. Qb1 Qf4 49. Qb8 Ng4 50. Qb2+ Kh7 51. Re1 Rf7 52. Qc2 Qd4+ 53.
Kh1 Nf2+ 54. Kh2 Qh4+ 55. Kg1 Nh3+ 0-1

[Event "Bundesliga 0001"]
[Site "Deutschland"]
[Date "2001.??.??"]
[Round "15.7"]
[White "Giemsa, Stephan"]
[Black "Brendel, Oliver"]
[Result "0-1"]
[WhiteElo "2299"]
[BlackElo "2394"]
[PlyCount "140"]
[EventDate "2000.10.14"]
[EventType "team"]
[EventRounds "15"]
[EventCountry "GER"]
[SourceTitle "Bundesliga 0001"]
[Source "DeepChess"]
[SourceDate "2005.01.01"]
[SourceVersion "1"]
[SourceVersionDate "2005.01.01"]
[SourceQuality "1"]
[WhiteTeam "SK Koenig Tegel 1949 e.V. "]
[BlackTeam "SV Castrop Rauxel 1923"]
[WhiteTeamCountry "GER"]
[BlackTeamCountry "GER"]

1. Nf3 g6 2. d4 Nf6 3. c4 Bg7 4. Nc3 d5 5. e3 O-O 6. Be2 dxc4 7. Bxc4 c5 8. d5
Nbd7 9. a4 Nb6 10. Ba2 e6 11. dxe6 Qxd1+ 12. Kxd1 Bxe6 13. Bxe6 fxe6 14. Ke2
Nc4 15. Rb1 Nd6 16. Ng5 Rfe8 17. Rd1 Rad8 18. e4 Ng4 19. h3 Ne5 20. Nb5 Nxb5
21. Rxd8 Rxd8 22. axb5 Rd6 23. Be3 Rb6 24. Bxc5 Rxb5 25. Bxa7 Nc6 26. Be3 e5
27. Ne6 Kf7 28. Nxg7 Kxg7 29. Kd3 Rb4 30. f3 Rb3+ 31. Kd2 Kf6 32. Bf2 Nb4 33.
Bh4+ Ke6 34. Bg5 Nc6 35. Be3 Kf6 36. Bc5 Nd4 37. Bxd4 exd4 38. Kc2 Re3 39. Rd1
Ke5 40. Rd3 Re2+ 41. Rd2 Re1 42. Kd3 b6 43. Kc4 g5 44. Kd3 h5 45. Rc2 Rd1+ 46.
Ke2 Rg1 47. Kf2 Rb1 48. Ke2 g4 49. hxg4 hxg4 50. Rd2 Rg1 51. Kf2 Ra1 52. Kg3
gxf3 53. gxf3 Ra4 54. Rh2 d3 55. Rh5+ Kd4 56. Rd5+ Ke3 57. e5 Ra8 58. e6 Rg8+
59. Kh4 Re8 60. f4 Rxe6 61. f5 Re8 62. f6 d2 63. Kg5 Ke2 64. f7 Rf8 65. Kf6
d1=Q 66. Rxd1 Kxd1 67. Ke7 Rxf7+ 68. Kxf7 b5 69. Ke6 b4 70. Kd5 b3 0-1

[Event "Bundesliga 0001"]
[Site "Deutschland"]
[Date "2001.??.??"]
[Round "15.8"]
[White "Lemmers, Oscar"]
[Black "Lorenz, Sascha"]
[Result "1/2-1/2"]
[WhiteElo "2392"]
[BlackElo "2298"]
[PlyCount "100"]
[EventDate "2000.10.14"]
[EventType "team"]
[EventRounds "15"]
[EventCountry "GER"]
[SourceTitle "Bundesliga 0001"]
[Source "DeepChess"]
[SourceDate "2005.01.01"]
[SourceVersion "1"]
[SourceVersionDate "2005.01.01"]
[SourceQuality "1"]
[WhiteTeam "SV Castrop Rauxel 1923"]
[BlackTeam "SK Koenig Tegel 1949 e.V. "]
[WhiteTeamCountry "GER"]
[BlackTeamCountry "GER"]

1. e4 c5 2. c3 e5 3. Nf3 Nc6 4. Bc4 Qc7 5. d3 d6 6. Ng5 Nd8 7. f4 h6 8. Nf3
exf4 9. Bxf4 Ne6 10. Bg3 Nf6 11. e5 Nh5 12. Bb5+ Kd8 13. exd6 Bxd6 14. Bxd6
Qxd6 15. d4 cxd4 16. O-O Nf6 17. Na3 Ke7 18. Nh4 Nf4 19. Qf3 g5 20. Rad1 d3 21.
Bxd3 Qb6+ 22. Kh1 Bg4 23. Rde1+ Kf8 24. Qg3 N4h5 25. Ng6+ Kg7 26. Qe5 Rhd8 27.
Nc4 Qe6 28. Qb5 Qd5 29. Qxd5 Rxd5 30. Nge5 Be6 31. Bb1 b5 32. Na3 Rd2 33. Nc2
Nf4 34. Rd1 Rad8 35. Nd4 Rxb2 36. Nd3 Rxb1 37. Nxf4 Rxd1 38. Rxd1 Kg8 39. Nfxe6
fxe6 40. Re1 e5 41. Nxb5 a6 42. Na3 Rd3 43. Nc4 e4 44. h3 Rxc3 45. Nd6 Rc2 46.
Nxe4 Nxe4 47. Rxe4 Rxa2 48. Re7 Ra1+ 49. Kh2 a5 50. Kg3 Ra4 1/2-1/2

[Event "Bundesliga 0102"]
[Site "Deutschland"]
[Date "2001.10.06"]
[Round "1.1"]
[White "Luther, Thomas"]
[Black "Georgiev, Kiril"]
[Result "1/2-1/2"]
[WhiteElo "2604"]
[BlackElo "2695"]
[PlyCount "68"]
[EventDate "2001.10.06"]
[EventType "team"]
[EventRounds "15"]
[EventCountry "GER"]
[SourceTitle "Bundesliga 0102"]
[Source "DeepChess"]
[SourceDate "2005.01.01"]
[SourceVersion "1"]
[SourceVersionDate "2005.01.01"]
[SourceQuality "1"]
[WhiteTeam "Erfurter SK"]
[BlackTeam "SV Castrop Rauxel 1923"]
[WhiteTeamCountry "GER"]
[BlackTeamCountry "GER"]

1. e4 e5 2. Nf3 Nc6 3. Bb5 Nf6 4. O-O Nxe4 5. Qe2 Nd6 6. Bxc6 dxc6 7. Qxe5+ Be6
8. Ng5 Nc4 9. Nxe6 Nxe5 10. Nxd8 Kxd8 11. Nc3 Kd7 12. d3 f5 13. Re1 Bd6 14. Bd2
h6 15. Re2 g5 16. Rae1 Rae8 17. f4 gxf4 18. Bxf4 Nf3+ 19. gxf3 Bxf4 20. Rxe8
Rxe8 21. Rxe8 Kxe8 22. Ne2 Be3+ 23. Kg2 Kf7 24. f4 Ke6 25. Kf3 Bc5 26. Ng3 a5
27. b3 Be7 28. Nf1 Bf6 29. Ne3 Bd4 30. Nf1 b5 31. h4 Bf6 32. h5 Bc3 33. Ne3 Bd4
34. c4 b4 1/2-1/2

[Event "Bundesliga 0102"]
[Site "Deutschland"]
[Date "2001.10.06"]
[Round "1.2"]
[White "Rozentalis, Eduardas"]
[Black "Haba, Petr"]
[Result "1/2-1/2"]
[WhiteElo "2588"]
[BlackElo "2482"]
[PlyCount "182"]
[EventDate "2001.10.06"]
[EventType "team"]
[EventRounds "15"]
[EventCountry "GER"]
[SourceTitle "Bundesliga 0102"]
[Source "DeepChess"]
[SourceDate "2005.01.01"]
[SourceVersion "1"]
[SourceVersionDate "2005.01.01"]
[SourceQuality "1"]
[WhiteTeam "SV Castrop Rauxel 1923"]
[BlackTeam "Erfurter SK"]
[WhiteTeamCountry "GER"]
[BlackTeamCountry "GER"]

1. e4 e5 2. Nf3 Nc6 3. Bb5 Nf6 4. d3 d6 5. O-O g6 6. Bxc6+ bxc6 7. d4 Nd7 8.
dxe5 dxe5 9. Qe2 Bd6 10. Bh6 Qe7 11. Nbd2 Nb6 12. Nc4 f6 13. Na5 Bd7 14. Rad1
Kf7 15. Be3 Kg7 16. c4 Bb4 17. Bd2 Bxa5 18. Bxa5 Bg4 19. b3 Rhd8 20. h3 Bxf3
21. Qxf3 Rxd1 22. Rxd1 Rd8 23. Rxd8 Qxd8 24. Qe3 Qe7 25. Bc3 g5 26. g3 h6 27.
Kg2 c5 28. Qd2 Qd6 29. Qxd6 cxd6 30. f4 h5 31. fxg5 fxg5 32. Kf3 Kf6 33. Ba5
Ke7 34. Bd2 Kf6 35. Ba5 Ke7 36. g4 h4 37. Bd2 Kf6 38. Ba5 Ke7 39. Bxb6 axb6 40.
Ke3 Kd7 41. Kd3 Kc7 42. Kc2 Kb7 43. Kc3 Ka6 44. Kb2 Kb7 45. Ka3 Ka7 46. Ka4 Ka6
47. b4 cxb4 48. Kxb4 Kb7 49. Kb5 Kc7 50. Ka6 Kc6 51. a4 Kc7 52. Ka7 Kc6 53. Kb8
Kc5 54. Kc7 Kxc4 55. Kxb6 d5 56. exd5 e4 57. d6 e3 58. d7 e2 59. d8=Q e1=Q 60.
Qxg5 Qf2+ 61. Ka6 Qg3 62. Qb5+ Kc3 63. g5 Qxh3 64. Qc6+ Kb4 65. g6 Qg3 66. a5
h3 67. Qb7+ Ka4 68. Qd7+ Kb4 69. Qd4+ Ka3 70. g7 h2 71. Qc5+ Kb2 72. Qb4+ Ka1
73. Qd4+ Kb1 74. Qb6+ Kc2 75. Qc6+ Kb2 76. Qf6+ Kc2 77. Qc6+ Kb2 78. Qb7+ Ka3
79. Qe7+ Kb2 80. Qb4+ Ka1 81. Qd4+ Kb1 82. Qd1+ Kb2 83. Qd2+ Kb1 84. Qxh2 Qxh2
85. g8=Q Qd6+ 86. Kb5 Qd7+ 87. Kb4 Qd6+ 88. Kb3 Qd3+ 89. Ka4 Qd7+ 90. Kb4 Qd6+
91. Kb5 Qd7+ 1/2-1/2

[Event "Bundesliga 0102"]
[Site "Deutschland"]
[Date "2001.10.06"]
[Round "1.3"]
[White "Paehtz, Thomas Sr"]
[Black "De Vreugt, Dennis"]
[Result "1-0"]
[WhiteElo "2451"]
[BlackElo "2429"]
[PlyCount "59"]
[EventDate "2001.10.06"]
[EventType "team"]
[EventRounds "15"]
[EventCountry "GER"]
[SourceTitle "Bundesliga 0102"]
[Source "DeepChess"]
[SourceDate "2005.01.01"]
[SourceVersion "1"]
[SourceVersionDate "2005.01.01"]
[SourceQuality "1"]
[WhiteTeam "Erfurter SK"]
[BlackTeam "SV Castrop Rauxel 1923"]
[WhiteTeamCountry "GER"]
[BlackTeamCountry "GER"]

1. e4 e5 2. Nf3 Nc6 3. Nc3 Nf6 4. Bb5 Nd4 5. Ba4 c6 6. Nxe5 d5 7. exd5 Bd6 8.
Nc4 b5 9. Ne2 Bg4 10. f3 Nxf3+ 11. gxf3 Bxf3 12. Nxd6+ Qxd6 13. O-O Bh5 14. Bb3
O-O 15. Qe1 cxd5 16. Nf4 Rae8 17. Qf2 Re5 18. Nxh5 Rxh5 19. d3 Ng4 20. Bf4 Qd7
21. Qg2 Rc8 22. Rae1 h6 23. h3 Nf6 24. Rf3 Rc6 25. Rg3 g6 26. Re5 Rh4 27. Bd2
Qc7 28. Rge3 d4 29. Qxg6+ Kf8 30. Bb4+ 1-0

[Event "Bundesliga 0102"]
[Site "Deutschland"]
[Date "2001.10.06"]
[Round "1.4"]
[White "Doettling, Fabian"]
[Black "Fontaine, Robert"]
[Result "1-0"]
[WhiteElo "2518"]
[BlackElo "2452"]
[PlyCount "136"]
[EventDate "2001.10.06"]
[EventType "team"]
[EventRounds "15"]
[EventCountry "GER"]
[SourceTitle "Bundesliga 0102"]
[Source "DeepChess"]
[SourceDate "2005.01.01"]
[SourceVersion "1"]
[SourceVersionDate "2005.01.01"]
[SourceQuality "1"]
[WhiteTeam "SV Castrop Rauxel 1923"]
[BlackTeam "Erfurter SK"]
[WhiteTeamCountry "GER"]
[BlackTeamCountry "GER"]

1. Nf3 d5 2. c4 c6 3. e3 Nf6 4. Nc3 a6 5. b3 Bg4 6. h3 Bxf3 7. Qxf3 e5 8. Bb2
g6 9. g3 Bg7 10. cxd5 cxd5 11. Bg2 e4 12. Qe2 Nc6 13. d3 Nb4 14. dxe4 Nxe4 15.
Nxe4 Bxb2 16. Rd1 Bg7 17. a3 Qe7 18. axb4 dxe4 19. Qc4 O-O 20. Qxe4 Bc3+ 21.
Ke2 Qxe4 22. Bxe4 Bxb4 23. Bxb7 Ra7 24. Bd5 Rc8 25. Rc1 Rac7 26. Rxc7 Rxc7 27.
Bc4 a5 28. Rc1 Kf8 29. f4 Ke7 30. e4 h6 31. e5 h5 32. Rc2 Rc8 33. Ke3 Be1 34.
g4 hxg4 35. hxg4 Kf8 36. Ke4 Kg7 37. f5 f6 38. e6 Rc5 39. Kd4 Bb4 40. Re2 Rc7
41. Bd3 gxf5 42. gxf5 Kf8 43. Rh2 Ke7 44. Rh8 Kd6 45. Bc4 Rg7 46. Rd8+ Kc7 47.
Ra8 Rg4+ 48. Kd5 Rg5 49. Bd3 Rg3 50. Kd4 Kb6 51. Be4 Bc5+ 52. Kc4 Be7 53. Re8
Rg7 54. Rb8+ Kc7 55. Rb7+ Kd8 56. Kb5 Rg4 57. Rd7+ Ke8 58. Bc6 Kf8 59. Kxa5 Rf4
60. Rd5 Rb4 61. Rb5 Rxb5+ 62. Kxb5 Bd6 63. b4 Ke7 64. Ka5 Kd8 65. b5 Ke7 66.
Ka6 Bc5 67. Be4 Kd6 68. b6 Be3 1-0

[Event "Bundesliga 0102"]
[Site "Deutschland"]
[Date "2001.10.06"]
[Round "1.5"]
[White "Mueller, Matthias"]
[Black "Appel, Ralf"]
[Result "1/2-1/2"]
[WhiteElo "2402"]
[BlackElo "2512"]
[PlyCount "110"]
[EventDate "2001.10.06"]
[EventType "team"]
[EventRounds "15"]
[EventCountry "GER"]
[SourceTitle "Bundesliga 0102"]
[Source "DeepChess"]
[SourceDate "2005.01.01"]
[SourceVersion "1"]
[SourceVersionDate "2005.01.01"]
[SourceQuality "1"]
[WhiteTeam "Erfurter SK"]
[BlackTeam "SV Castrop Rauxel 1923"]
[WhiteTeamCountry "GER"]
[BlackTeamCountry "GER"]

1. e4 g6 2. d4 Bg7 3. Nf3 c6 4. Nc3 Nf6 5. e5 Nd5 6. Nxd5 cxd5 7. Bf4 Qb6 8.
Qc1 Nc6 9. c3 Nd8 10. Bd3 Ne6 11. Bg3 O-O 12. O-O a5 13. Ne1 d6 14. exd6 exd6
15. Nc2 Bd7 16. Ne3 Nc7 17. Re1 Rae8 18. Qc2 a4 19. Re2 Qc6 20. Rae1 b5 21. a3
Ne6 22. Qb1 f5 23. f4 Nc7 24. Nc2 Be6 25. Nb4 Qd7 26. Qd1 Bf6 27. Re3 Qf7 28.
Qf3 Bd7 29. Rxe8 Rxe8 30. Rxe8+ Bxe8 31. Bb1 Qe6 32. Kf2 Kf8 33. Qe3 Qc8 34.
Ba2 Bf7 35. Kg1 Qa8 36. Qe1 Na6 37. Nxa6 Qxa6 38. Bh4 Bxh4 39. Qxh4 b4 40. axb4
Qe2 41. Qf2 Qd1+ 42. Qf1 Qd2 43. Qa1 g5 44. fxg5 f4 45. h3 Qe3+ 46. Kh2 f3 47.
Qf1 f2 48. Bb1 Bg6 49. Bxg6 hxg6 50. g3 Qd2 51. Kg2 Qxb2 52. Qa6 f1=Q+ 53. Kxf1
Qc1+ 54. Kg2 Qd2+ 55. Kg1 Qd1+ 1/2-1/2

[Event "Bundesliga 0102"]
[Site "Deutschland"]
[Date "2001.10.06"]
[Round "1.6"]
[White "Bosch, Jeroen"]
[Black "Votava, Jan"]
[Result "0-1"]
[WhiteElo "2475"]
[BlackElo "2509"]
[PlyCount "80"]
[EventDate "2001.10.06"]
[EventType "team"]
[EventRounds "15"]
[EventCountry "GER"]
[SourceTitle "Bundesliga 0102"]
[Source "DeepChess"]
[SourceDate "2005.01.01"]
[SourceVersion "1"]
[SourceVersionDate "2005.01.01"]
[SourceQuality "1"]
[WhiteTeam "SV Castrop Rauxel 1923"]
[BlackTeam "Erfurter SK"]
[WhiteTeamCountry "GER"]
[BlackTeamCountry "GER"]

1. d4 d6 2. e4 Nf6 3. f3 Nbd7 4. c4 e5 5. d5 c6 6. Be3 cxd5 7. cxd5 Be7 8. Nc3
a6 9. Qd2 Nh5 10. Nge2 h6 11. g4 Bh4+ 12. Kd1 Nf4 13. Nxf4 exf4 14. Bxf4 Ne5
15. Be2 b5 16. Be3 Bd7 17. Rc1 Rc8 18. b3 O-O 19. Rg1 Qe7 20. a3 Ng6 21. g5
hxg5 22. Bxg5 Qe5 23. Bxh4 Nxh4 24. f4 Qf6 25. f5 Rfe8 26. Rg3 Bxf5 27. exf5
Nxf5 28. Rf3 Qe5 29. Qd3 Nd4 30. Rh3 g6 31. Qg3 Rxc3 32. Qxe5 Rxc1+ 33. Kxc1
Rxe5 34. Bd1 Kg7 35. Kd2 Kf6 36. Kc3 Re4 37. Rh8 Ke5 38. Ra8 Kxd5 39. Rxa6 Re3+
40. Kd2 Rh3 0-1

[Event "Bundesliga 0102"]
[Site "Deutschland"]
[Date "2001.10.06"]
[Round "1.7"]
[White "Casper, Thomas"]
[Black "Dinstuhl, Volkmar"]
[Result "1/2-1/2"]
[WhiteElo "2409"]
[BlackElo "2402"]
[PlyCount "54"]
[EventDate "2001.10.06"]
[EventType "team"]
[EventRounds "15"]
[EventCountry "GER"]
[SourceTitle "Bundesliga 0102"]
[Source "DeepChess"]
[SourceDate "2005.01.01"]
[SourceVersion "1"]
[SourceVersionDate "2005.01.01"]
[SourceQuality "1"]
[WhiteTeam "Erfurter SK"]
[BlackTeam "SV Castrop Rauxel 1923"]
[WhiteTeamCountry "GER"]
[BlackTeamCountry "GER"]

1. e4 c5 2. Nf3 d6 3. Bb5+ Nd7 4. a4 Ngf6 5. Qe2 e6 6. O-O Be7 7. c3 a6 8. Bd3
Ne5 9. Nxe5 dxe5 10. Na3 Bd7 11. Nc4 Qc7 12. a5 Bc6 13. Bc2 Bb5 14. Bb3 O-O 15.
d3 Bxc4 16. Bxc4 Nd7 17. Be3 Bd6 18. h3 Nb8 19. Qc2 Nc6 20. Qa4 Qe7 21. Rfb1
Kh8 22. Qb3 Rac8 23. Re1 Qc7 24. Qa3 Qe7 25. Qb3 Qc7 26. Qa3 Nd4 27. Qa4 Nc6
1/2-1/2

[Event "Bundesliga 0102"]
[Site "Deutschland"]
[Date "2001.10.06"]
[Round "1.8"]
[White "Lemmers, Oscar"]
[Black "Brueggemann, Joachim"]
[Result "1-0"]
[WhiteElo "2398"]
[BlackElo "2358"]
[PlyCount "93"]
[EventDate "2001.10.06"]
[EventType "team"]
[EventRounds "15"]
[EventCountry "GER"]
[SourceTitle "Bundesliga 0102"]
[Source "DeepChess"]
[SourceDate "2005.01.01"]
[SourceVersion "1"]
[SourceVersionDate "2005.01.01"]
[SourceQuality "1"]
[WhiteTeam "SV Castrop Rauxel 1923"]
[BlackTeam "Erfurter SK"]
[WhiteTeamCountry "GER"]
[BlackTeamCountry "GER"]

1. e4 c5 2. c3 e6 3. d4 d5 4. exd5 exd5 5. Be3 c4 6. b3 cxb3 7. axb3 Nc6 8. Bd3
Bd6 9. Qf3 Nf6 10. h3 O-O 11. Ne2 Be6 12. Nd2 Qd7 13. Ng3 Ne7 14. O-O Ne8 15.
Bf4 f5 16. Rfe1 Ng6 17. Nh5 a6 18. c4 Bb4 19. Qe2 Bf7 20. cxd5 Bxd5 21. Be5 b5
22. Rec1 Rd8 23. Nf4 Nxf4 24. Bxf4 Qb7 25. f3 Bxd2 26. Qxd2 Bxb3 27. Be5 Rc8
28. Qg5 Rxc1+ 29. Rxc1 Qd7 30. Qd2 Bd5 31. Qa5 Qe6 32. Ra1 Bb7 33. Bb1 Nf6 34.
Qc7 Qc8 35. Ba2+ Kh8 36. Rc1 Re8 37. Rc5 Qxc7 38. Rxc7 Bd5 39. Bxf6 gxf6 40.
Bxd5 Rd8 41. Bb7 Rxd4 42. Bxa6 b4 43. Rb7 h5 44. Kf2 f4 45. Ke2 h4 46. Bd3 b3
47. Kd2 1-0

[Event "Bundesliga 0102"]
[Site "Deutschland"]
[Date "2001.10.06"]
[Round "1.1"]
[White "Dorfman, Josif D"]
[Black "Dautov, Rustem"]
[Result "1/2-1/2"]
[WhiteElo "2602"]
[BlackElo "2630"]
[PlyCount "35"]
[EventDate "2001.10.06"]
[EventType "team"]
[EventRounds "15"]
[EventCountry "GER"]
[SourceTitle "Bundesliga 0102"]
[Source "DeepChess"]
[SourceDate "2005.01.01"]
[SourceVersion "1"]
[SourceVersionDate "2005.01.01"]
[SourceQuality "1"]
[WhiteTeam "Hamburger SK 1830 e.V."]
[BlackTeam "Godesberger SK 1929"]
[WhiteTeamCountry "GER"]
[BlackTeamCountry "GER"]

1. e4 c6 2. d4 d5 3. Nc3 dxe4 4. Nxe4 Bf5 5. Ng3 Bg6 6. h4 h6 7. Nf3 Nf6 8. Ne5
Bh7 9. Bd3 Bxd3 10. Qxd3 e6 11. Bd2 Be7 12. O-O-O Nbd7 13. f4 c5 14. dxc5 Nxe5
15. fxe5 Qxd3 16. cxd3 Ng4 17. Ne4 Nxe5 18. Bc3 1/2-1/2

[Event "Bundesliga 0102"]
[Site "Deutschland"]
[Date "2001.10.06"]
[Round "1.2"]
[White "Gurevich, Mikhail"]
[Black "Kempinski, Robert"]
[Result "1/2-1/2"]
[WhiteElo "2633"]
[BlackElo "2595"]
[PlyCount "57"]
[EventDate "2001.10.06"]
[EventType "team"]
[EventRounds "15"]
[EventCountry "GER"]
[SourceTitle "Bundesliga 0102"]
[Source "DeepChess"]
[SourceDate "2005.01.01"]
[SourceVersion "1"]
[SourceVersionDate "2005.01.01"]
[SourceQuality "1"]
[WhiteTeam "Godesberger SK 1929"]
[BlackTeam "Hamburger SK 1830 e.V."]
[WhiteTeamCountry "GER"]
[BlackTeamCountry "GER"]

1. d4 Nf6 2. Nf3 g6 3. c4 Bg7 4. Nc3 O-O 5. e4 c6 6. Be2 d5 7. e5 Ne4 8. Nxe4
dxe4 9. Ng5 c5 10. d5 Bxe5 11. Nxe4 Nd7 12. O-O Qc7 13. h3 Nf6 14. Ng5 Bh2+ 15.
Kh1 Bf4 16. Bd3 Qe5 17. Bxf4 Qxf4 18. Qc1 Qxc1 19. Raxc1 h6 20. Ne4 Nxe4 21.
Bxe4 a5 22. Rfe1 Rd8 23. Bc2 Kf8 24. Ba4 Ra6 25. Re5 Rf6 26. Rce1 Bd7 27. Bxd7
Rxd7 28. Kg1 Rb6 29. R1e2 1/2-1/2